01369nam a2200301 a 4500001001000000003000400010005001700014008004100031040002500072049000900097100004400106245013300150260003400283300002000317490002200337490000900359500018300368590002700551700005000578700005800628830002500686830001600711942001400727952011100741952009600852952010200948999001701050000028887OSt20260416191046.0110412s1983 dr 000 0 spa d aDO-SdBNPbspacBNPHU aBNPD a Alvarez Dugan, Mariod1931-200892331113aLa moral en el ejercicio de la función pública /cMario Alvarez Dugan, José A. Silié Gatón; Hatuey De Camps Jiménez. aSanto Domingo :bONAP,c1983. a39 p. ;c22 cm.1 aSeminariosvno. 51 aONAP aPonencias del Simposio sobre "La Moral del Servidor Público" celebrado en agosto de 1982 con el patrocinio de la Asociación Dominicana de Profesionales de la Administración aInventariado, 2020 /LP1 a Silié Gatón, José A., d1920-201497471 aCamps Jiménez, Hatuey ded1947-2016epról.955856 0aSeminariosn5955857 aONAP910860 2ddccLBS1 00102ddc758PDaBNPHUbGRcHDd2019-08-13fFamilia ReiLF1l0o p28887-30r2020-06-25w2020-06-25yLFPD 00102ddc718PDaBNPHUbPDcHDd2011-04-12iLF1l0p28887-10r2020-06-25w2020-06-25yLFPD 00102ddc718PDaBNPHUbPDcHDd2013-05-10iLF1l0p28887-20r2020-06-25te. 2w2020-06-25yLFPD c28379d28379